| 000 | 00716nam a2200217 a 4500 | ||
|---|---|---|---|
| 001 | 000013106 | ||
| 005 | 20200929163134.0 | ||
| 008 | 091120s1998 dr 000 f spa d | ||
| 020 | _a9768160381 | ||
| 040 |
_aDO-SdBNP _bspa _cBNPHU |
||
| 082 |
_aA863.44 _bS211do |
||
| 100 | 1 |
_aSánchez, Carlos, _d1968- _930221 |
|
| 245 | 1 | 0 |
_aDoce cuentos para ser leídos en conchos y voladoras / _cCarlos Sánchez. |
| 260 |
_aSanto Domingo : _bBúho, _c1998. |
||
| 300 |
_a78 p. ; _c21 cm. |
||
| 500 | _aIncluye datos biográficos del autor en las solapas | ||
| 590 | _aInventariado, 2020 /MAA | ||
| 650 | 4 |
_aCuentos argentinos _93752 |
|
| 650 | 4 |
_aLiteratura argentina _93860 |
|
| 910 | _aValidado. Control de calidad MMOLINA | ||
| 999 |
_c12748 _d12748 |
||